Medzinárodná pomoc a spolupráca pri správe daní

Zákonom prebratá smernica Rady 2014/107/EÚ do slovenského právneho poriadku. Smer zákona a zmeny v medzinárodnej pomoci a spolupráci pri správe dení. Predmet úpravy zákona.

Salvato in:
Dettagli Bibliografici
Autore principale: Berková, Alena
Natura: Capitolo di libro
Lingua:slovacco
Soggetti:
Tags: Aggiungi Tag
Nessun Tag, puoi essere il primo ad aggiungerne!!

MARC

LEADER 00000naa a2200000 4500
001 0273443
005 20210504131517.4
041 0 |a slo 
044 |a SK 
245 1 0 |a Medzinárodná pomoc a spolupráca pri správe daní  |c Alena Berková 
520 |a Zákonom prebratá smernica Rady 2014/107/EÚ do slovenského právneho poriadku. Smer zákona a zmeny v medzinárodnej pomoci a spolupráci pri správe dení. Predmet úpravy zákona. 
610 2 0 |a pomoc medzinárodná 
610 2 0 |a správa daňová 
610 2 0 |a dane 
610 2 0 |a legislatíva 
100 1 |a Berková, Alena